00498 2200205 4500001002100000005001500021035002000036245005100056100001600107250000600123300001200129700002100141260003100162082001100193084001700204020002200221600002700243990001100270990001100281INLIS00000000000119320220104095031 a0010-01220000041 aChicken Soup for the Soul : Kekuatan Bersyukur0 aAmy Newmark a1 a504 hlm0 aDeborah Norville aJakarta :bGramedia,c2018 a179.91 a179.91 AMY c a978-602-03-8103-9 4aMotivasi ( Psikologi ) a001962 a001963